LEADER 01628nam 2200517 450 001 9910502665603321 005 20230502145229.0 010 $a3-030-80298-1 035 $a(CKB)4100000012026409 035 $a(MiAaPQ)EBC6726405 035 $a(Au-PeEL)EBL6726405 035 $a(OCoLC)1287136193 035 $a(PPN)258053208 035 $a(EXLCZ)994100000012026409 100 $a20220616d2021 uy 0 101 0 $aeng 135 $aurcnu|||||||| 181 $ctxt$2rdacontent 182 $cc$2rdamedia 183 $acr$2rdacarrier 200 00$aFrom thoracic surgery to interventional pulmonology $ea clinical guide /$fJ. Francis Turner, Jr. [and three others], editors 210 1$aCham, Switzerland :$cHumana Press,$d[2021] 210 4$d©2021 215 $a1 online resource (311 pages) 225 1 $aRespiratory medicine (New York, N.Y.) 311 $a3-030-80297-3 320 $aIncludes bibliographical references and index. 410 0$aRespiratory medicine (New York, N.Y.) 606 $aLungs$xDiseases$xTreatment 606 $aCirurgia torącica$2thub 606 $aMalalties del pulmó$2thub 606 $aPneumologia$2thub 608 $aLlibres electrņnics$2thub 615 0$aLungs$xDiseases$xTreatment. 615 7$aCirurgia torącica 615 7$aMalalties del pulmó 615 7$aPneumologia 676 $a616.2 702 $aTurner$b J. Francis$cJr., 801 0$bMiAaPQ 801 1$bMiAaPQ 801 2$bMiAaPQ 906 $aBOOK 912 $a9910502665603321 996 $aFrom thoracic surgery to interventional pulmonology$92879571 997 $aUNINA LEADER 03887oam 2200805Mn 450 001 9910784585803321 005 20230421043909.0 010 $a1-134-69100-9 010 $a1-134-69101-7 010 $a1-280-33208-5 010 $a0-203-26805-9 010 $a0-203-02556-3 035 $a(CKB)1000000000360719 035 $a(EBL)169659 035 $a(OCoLC)277665611 035 $a(SSID)ssj0000329720 035 $a(PQKBManifestationID)11256074 035 $a(PQKBTitleCode)TC0000329720 035 $a(PQKBWorkID)10309143 035 $a(PQKB)10436996 035 $a(SSID)ssj0000277044 035 $a(PQKBManifestationID)11954829 035 $a(PQKBTitleCode)TC0000277044 035 $a(PQKBWorkID)10245823 035 $a(PQKB)10686877 035 $a(MiAaPQ)EBC169659 035 $a(OCoLC)821812858 035 $a(OCoLC-P)821812858 035 $a(FlBoTFG)9780203025567 035 $a(EXLCZ)991000000000360719 100 $a20071003j199803uu uy 0 101 0 $aeng 135 $aur|n||||||||| 181 $ctxt 182 $cc 183 $acr 200 10$aAspects Mod Lang Teach Europe 210 $aLondon $cRoutledgeFalmer$dMarch 1998$aLos Angeles $cSony Electronics [distributor] 215 $a1 online resource (248 p.) 300 $aDescription based upon print version of record. 311 $a1-138-42115-4 311 $a0-415-17284-5 327 $aBook Cover; Title; Contents; Notes on contributors; Acknowledgements; Introduction; Focus on language learner autonomy; Training language learners to learn MANUEL JIMNEZ RAYA; Now you are on your own! Developing independent language learning strategies TERRY LAMB; Multimedia in computer-assisted language learning WILHELM GRIEHABER; French for beginners: computer-assisted language instruction ELKE STRACKE-ELBINA; Focus on the classroom; Through the camera's lens: an innovative approach to analysing literature PAMELA FABER 327 $aSimulated living abroad: a new way of modern language acquisition LOTHAR BUNNPortraying the complexity of L2 classroom interaction PAUL SEEDHOUSE; Aspects of grammar in the classroom; The place of grammar in modern language teaching ANTONY J.PECK; From linguistic theory to syllabus design and classroom practice GEORGIA CATSIMALI; Spice up your German! Teaching modal particles LINUS JUNG; Vocabulary training; Dictionary awareness CARLOS F.MRQUEZ LINARES; Lexical hierarchies as a strategy of teaching vocabulary CATALINA JIMNEZ HURTADO 327 $a'Let's take the bull by the horns!' Phraseology in modern language teaching WOLF GEWEHRSelecting idioms to enrich modern language teaching SOPHIA ZEVGOLI; Index 330 8 $aAnnotation$bIn this book teaching experience and research from practitioners in four European countries throw new light on old problems faced every day, while other reveal innovative teaching methods and insights into how teachers and learners interact. 606 $aEurope 606 $aLanguages, Modern 606 $aLanguages, Modern - Study and teaching - Europe 606 $aStudy and teaching 606 $aLanguages, Modern$xStudy and teaching$zEurope 606 $aWestern European Languages - General$2HILCC 606 $aLanguages & Literatures$2HILCC 615 4$aEurope. 615 4$aLanguages, Modern. 615 4$aLanguages, Modern - Study and teaching - Europe. 615 4$aStudy and teaching. 615 0$aLanguages, Modern$xStudy and teaching 615 7$aWestern European Languages - General 615 7$aLanguages & Literatures 676 $a418.00704 676 $a418.007104 676 $a418/.007/04 712 02$aGerman, Greek, English, Spanish Teacher-Training Project 801 0$bOCoLC-P 801 1$bOCoLC-P 906 $aBOOK 912 $a9910784585803321 996 $aAspects Mod Lang Teach Europe$93740171 997 $aUNINA LEADER 01646nas 2200553-a 450 001 996206490803316 005 20240130213016.0 011 $a2212-5353 035 $a(DE-599)ZDB2660821-2 035 $a(OCoLC)808858132 035 $a(CKB)2550000000092399 035 $a(CONSER)--2013250593 035 $a(EXLCZ)992550000000092399 100 $a20120328a20129999 --- - 101 0 $aeng 135 $aur||||||||||| 181 $ctxt$2rdacontent 182 $cc$2rdamedia 183 $acr$2rdacarrier 200 00$aRespiratory investigation 210 $a[Amsterdam] $cElsevier B.V.$d©2012- 215 $a1 online resource 300 $aRefereed/Peer-reviewed 311 $a2212-5345 517 1 $aRespir Invest 606 $aRespiratory organs$xDiseases$vPeriodicals 606 $aRespiratory infections$vPeriodicals 606 $aRespiratory Tract Diseases 606 $aLung Diseases 606 $aAsian People 606 $aGenomics 606 $aRespiratory infections$2fast$3(OCoLC)fst01095737 606 $aRespiratory organs$xDiseases$2fast$3(OCoLC)fst01095766 608 $aPeriodicals.$2fast 608 $aPeriodicals.$2lcgft 615 0$aRespiratory organs$xDiseases 615 0$aRespiratory infections 615 2$aRespiratory Tract Diseases. 615 2$aLung Diseases. 615 2$aAsian People. 615 2$aGenomics. 615 7$aRespiratory infections. 615 7$aRespiratory organs$xDiseases. 676 $a616.2 712 02$aNihon Koky?ki Gakkai. 906 $aJOURNAL 912 $a996206490803316 996 $aRespiratory investigation$91892708 997 $aUNISA